[Event "Ivy League Chess Challenge"]
[Site "Toronto CAN"]
[Date "2019.11.08"]
[Round "1.12"]
[White "Gerasimiuk, Michal"]
[Black "Papanek, Ella"]
[Result "0-1"]
[WhiteElo "1642"]
[BlackElo "1789"]
[PlyCount "57"]
[EventDate "2019.11.08"]
[EventType "team"]
[EventRounds "5"]
[EventCountry "CAN"]
[WhiteTeam "Yale"]
[BlackTeam "Harvard"]

1. e4 c5 2. Nf3 e6 3. d4 cxd4 4. Nxd4 a6 5. c4 Qc7 6. Nc3 Bb4 7. Be2 Nf6 8. Nc2
Bxc3+ 9. bxc3 Nxe4 10. Qd4 Nf6 11. Ba3 Nc6 12. Qd3 Qe5 13. O-O h5 14. Ne3 Ne4
15. Rac1 Nc5 16. Qd2 b6 17. f4 Qc7 18. Rce1 Bb7 19. Nd5 exd5 20. cxd5 Qd6 21.
Bxh5+ Ne7 22. Re5 O-O-O 23. Rfe1 Nc6 24. Qb2 Nxe5 25. fxe5 Nd3 26. Qb3 Qxd5 27.
Qxd5 Bxd5 28. Rd1 Rxh5 29. e6 0-1

[Event "Ivy League Chess Challenge"]
[Site "Toronto CAN"]
[Date "2019.11.08"]
[Round "2.1"]
[White "Jacobson, Aaron"]
[Black "Altschuler, Jason"]
[Result "1/2-1/2"]
[WhiteElo "2340"]
[BlackElo "2198"]
[PlyCount "109"]
[EventDate "2019.11.08"]
[EventType "team"]
[EventRounds "5"]
[EventCountry "CAN"]
[WhiteTeam "Harvard"]
[BlackTeam "MIT"]

1. d4 Nf6 2. c4 g6 3. Nc3 Bg7 4. e4 d6 5. h3 O-O 6. Be3 c5 7. Nf3 cxd4 8. Nxd4
Nc6 9. Be2 Qd7 10. O-O Ne8 11. Qd2 Nc7 12. Nc2 Re8 13. f4 b6 14. Rad1 Bb7 15.
Bg4 Qd8 16. h4 e6 17. Qxd6 Qxd6 18. Rxd6 Na5 19. Na3 Bxc3 20. bxc3 Bxe4 21.
Rfd1 Rec8 22. Be2 Na6 23. R6d4 Bc6 24. Nb5 Nb7 25. h5 Nac5 26. Bf2 Na4 27. R1d3
Nbc5 28. Re3 f5 29. Nd6 Rd8 30. Bh4 Rd7 31. Rg3 Kf8 32. hxg6 hxg6 33. Bf6 Rxd6
34. Rxd6 Ne4 35. Bf3 Nxd6 36. Bxc6 Rc8 37. Bxa4 Ne4 38. Rxg6 Kf7 39. Rg7+ Kxf6
40. Rxa7 Rxc4 41. Bb3 Rxc3 42. Rb7 Rc6 43. Kh2 Nc5 44. Rb8 Ke7 45. Bd1 Rd6 46.
Bf3 Kd7 47. Kg3 Kc7 48. Ra8 Rd4 49. Be2 Ne4+ 50. Kf3 Nc3 51. g3 b5 52. Ra6 Kd7
53. a3 Rd5 54. Ke3 Nxe2 55. Kxe2 1/2-1/2

[Event "Ivy League Chess Challenge"]
[Site "Toronto CAN"]
[Date "2019.11.08"]
[Round "2.2"]
[White "Yi, Richard"]
[Black "Pinisetti, Prateek"]
[Result "1-0"]
[WhiteElo "2083"]
[BlackElo "2130"]
[PlyCount "77"]
[EventDate "2019.11.08"]
[EventType "team"]
[EventRounds "5"]
[EventCountry "CAN"]
[WhiteTeam "MIT"]
[BlackTeam "Harvard"]

1. e4 e6 2. d4 d5 3. Nc3 Nf6 4. e5 Nfd7 5. f4 c5 6. Nf3 Nc6 7. Be3 cxd4 8. Nxd4
Bc5 9. Qd2 O-O 10. O-O-O a6 11. h4 Bxd4 12. Bxd4 b5 13. h5 b4 14. Na4 Qa5 15.
b3 Nxd4 16. Qxd4 Bb7 17. Kb1 Rfc8 18. Bd3 Bc6 19. Nb2 Qc5 20. Qxc5 Nxc5 21. g4
a5 22. f5 Re8 23. f6 Nd7 24. Rde1 gxf6 25. exf6 Nxf6 26. g5 Nd7 27. Nd1 e5 28.
Bf5 e4 29. g6 Re5 30. Ref1 Bb5 31. gxf7+ Kf8 32. Rf4 Nf6 33. Nf2 Ra7 34. Bg6
hxg6 35. hxg6 Rxf7 36. Rh8+ Ke7 37. gxf7 Kxf7 38. Ng4 Rg5 39. Nxf6 1-0

[Event "Ivy League Chess Challenge"]
[Site "Toronto CAN"]
[Date "2019.11.08"]
[Round "2.3"]
[White "Ascherman, Sarah"]
[Black "Zhong, Howard"]
[Result "0-1"]
[WhiteElo "1937"]
[BlackElo "2024"]
[PlyCount "84"]
[EventDate "2019.11.08"]
[EventType "team"]
[EventRounds "5"]
[EventCountry "CAN"]
[WhiteTeam "Harvard"]
[BlackTeam "MIT"]

1. d4 Nf6 2. c4 e6 3. Nc3 Bb4 4. a3 Bxc3+ 5. bxc3 c5 6. Nf3 O-O 7. Qc2 d5 8. e3
b6 9. Bd3 Bb7 10. O-O Nbd7 11. Rb1 Qc7 12. Re1 dxc4 13. Bxc4 cxd4 14. Bd3 Bxf3
15. gxf3 Qxc3 16. Qe2 dxe3 17. Qxe3 Qc5 18. Qf4 e5 19. Qg3 Rfe8 20. Kh1 Qc3 21.
Re3 Qc7 22. Bb2 Nd5 23. Rg1 g6 24. Re4 Nc5 25. Rc4 Qd6 26. Bb1 Re7 27. Rd1 Qe6
28. Rg4 Nf6 29. Rb4 Rae8 30. Re1 Nh5 31. Qg5 Qf6 32. Qg4 Nf4 33. Rd1 h5 34. Qg3
Rd7 35. Rxd7 Nxd7 36. Re4 Nc5 37. Re3 Rd8 38. Re1 Ncd3 39. Bxd3 Nxd3 40. Bxe5
Nxe5 41. Rxe5 h4 42. Qg5 Qxf3+ 0-1

[Event "Ivy League Chess Challenge"]
[Site "Toronto CAN"]
[Date "2019.11.08"]
[Round "2.4"]
[White "Le, Nguyen"]
[Black "Papanek, Ella"]
[Result "1-0"]
[WhiteElo "1976"]
[BlackElo "1789"]
[PlyCount "79"]
[EventDate "2019.11.08"]
[EventType "team"]
[EventRounds "5"]
[EventCountry "CAN"]
[WhiteTeam "MIT"]
[BlackTeam "Harvard"]

1. e4 c5 2. Nf3 e6 3. d4 cxd4 4. Nxd4 a6 5. c4 Qc7 6. Nc3 Bb4 7. Qd3 Nc6 8.
Nxc6 bxc6 9. a3 Be7 10. Be2 Nf6 11. O-O Bb7 12. f4 d5 13. e5 Nd7 14. Be3 Rd8
15. b4 dxc4 16. Qxc4 c5 17. Na4 Bd5 18. Qc2 Qb7 19. Nxc5 Nxc5 20. Bxc5 Bxc5+
21. Qxc5 Bxg2 22. Rf2 Bd5 23. Rc1 h5 24. b5 Rh6 25. bxa6 Rg6+ 26. Kf1 Bg2+ 27.
Ke1 Qe4 28. a7 Bh1 29. Qb5+ Kf8 30. Qb4+ Kg8 31. Qxe4 Bxe4 32. Bxh5 Rg1+ 33.
Rf1 Rg2 34. Bf3 Bxf3 35. Rxf3 Rxh2 36. Rb1 Kh7 37. Rb8 Rdd2 38. a8=Q Rhe2+ 39.
Kf1 Rh2 40. Rh8+ 1-0

[Event "Ivy League Chess Challenge"]
[Site "Toronto CAN"]
[Date "2019.11.08"]
[Round "2.5"]
[White "Webster, Dex"]
[Black "Plotkin, Mark"]
[Result "0-1"]
[WhiteElo "2077"]
[BlackElo "2378"]
[PlyCount "70"]
[EventDate "2019.11.08"]
[EventType "team"]
[EventRounds "5"]
[EventCountry "CAN"]
[WhiteTeam "Yale"]
[BlackTeam "Toronto A"]

1. e4 e5 2. Nf3 Nc6 3. Bb5 Nf6 4. d3 Ne7 5. O-O c6 6. Ba4 Ng6 7. c3 Be7 8. Re1
O-O 9. d4 d5 10. exd5 e4 11. Ne5 cxd5 12. c4 Bd6 13. Nc3 dxc4 14. Nxe4 Nxe5 15.
Nxf6+ Qxf6 16. dxe5 Bxe5 17. Qd5 Bd4 18. Be3 Bxb2 19. Rab1 Be6 20. Qxb7 c3 21.
Bc2 Bxa2 22. Qe4 Qg6 23. Qa4 Bxb1 24. Bxb1 Qh5 25. g4 Qh4 26. Bc5 h5 27. Bxf8
Rxf8 28. Qxa7 Qxg4+ 29. Kh1 Qf3+ 30. Kg1 g6 31. Bc2 Rd8 32. Be4 Qg4+ 33. Kf1
Rd1 34. Qa4 Qh3+ 35. Ke2 Rd2# 0-1

[Event "Ivy League Chess Challenge"]
[Site "Toronto CAN"]
[Date "2019.11.08"]
[Round "2.6"]
[White "Zhou, Qiyu"]
[Black "Khanna, Nalin"]
[Result "1/2-1/2"]
[WhiteElo "2212"]
[BlackElo "2107"]
[PlyCount "93"]
[EventDate "2019.11.08"]
[EventType "team"]
[EventRounds "5"]
[EventCountry "CAN"]
[WhiteTeam "Toronto A"]
[BlackTeam "Yale"]

1. e4 c5 2. Nf3 d6 3. d4 cxd4 4. Nxd4 Nf6 5. Nc3 g6 6. Be3 Bg7 7. f3 O-O 8. Qd2
Nc6 9. g4 Be6 10. Nxe6 fxe6 11. O-O-O Ne5 12. Be2 Qc8 13. Bh6 Nc4 14. Bxc4 Qxc4
15. h4 b5 16. h5 b4 17. Nb1 Rac8 18. hxg6 hxg6 19. Rh2 a5 20. Qg5 Bxh6 21. Qxh6
Kf7 22. Qe3 Rh8 23. b3 Qc6 24. Rdd2 Rxh2 25. Rxh2 a4 26. g5 Nh5 27. f4 axb3 28.
axb3 Qc5 29. Qxc5 Rxc5 30. Rf2 e5 31. fxe5+ Ke6 32. exd6 exd6 33. Nd2 Rxg5 34.
Nf3 Rg4 35. Nd4+ Ke5 36. Nc6+ Kxe4 37. Nxb4 Ke3 38. Nd3 Nf4 39. Rxf4 Rxf4 40.
Nxf4 Kxf4 41. Kd2 Ke4 42. c3 g5 43. Ke2 d5 44. b4 d4 45. cxd4 Kxd4 46. Kf3 Kc4
47. Ke2 1/2-1/2

[Event "Ivy League Chess Challenge"]
[Site "Toronto CAN"]
[Date "2019.11.08"]
[Round "2.7"]
[White "Vishwanathan, Ram"]
[Black "Bellissimo, Joseph"]
[Result "0-1"]
[WhiteElo "1922"]
[BlackElo "2201"]
[PlyCount "84"]
[EventDate "2019.11.08"]
[EventType "team"]
[EventRounds "5"]
[EventCountry "CAN"]
[WhiteTeam "Yale"]
[BlackTeam "Toronto A"]

1. e4 e6 2. d4 d5 3. Nd2 Nf6 4. e5 Nfd7 5. Bd3 c5 6. c3 Nc6 7. Ne2 cxd4 8. cxd4
f6 9. Nf4 Nxd4 10. Qh5+ Ke7 11. exf6+ Nxf6 12. Ng6+ hxg6 13. Qxh8 Kf7 14. O-O
e5 15. Nb3 Nf5 16. Bg5 e4 17. Be2 Qb6 18. Rac1 Be6 19. Bxf6 gxf6 20. Bg4 Rd8
21. Rfd1 e3 22. fxe3 Bg7 23. Qh3 Rh8 24. Qf3 Bh6 25. Bxf5 Bxe3+ 26. Kh1 gxf5
27. Rc2 f4 28. h3 Kf8 29. Rxd5 Bxd5 30. Qxd5 Ke7 31. Qe4+ Kf7 32. Qd5+ Kg6 33.
Qe4+ f5 34. Qe7 Rd8 35. Kh2 Bg1+ 36. Kh1 Be3 37. Kh2 Rd1 38. Qe8+ Kg5 39. Qg8+
Qg6 40. Qxg6+ Kxg6 41. h4 Kh5 42. g3 f3 0-1

[Event "Ivy League Chess Challenge"]
[Site "Toronto CAN"]
[Date "2019.11.08"]
[Round "2.8"]
[White "Lei, Sean"]
[Black "Gerasimiuk, Michal"]
[Result "1/2-1/2"]
[WhiteElo "1901"]
[BlackElo "1642"]
[PlyCount "99"]
[EventDate "2019.11.08"]
[EventType "team"]
[EventRounds "5"]
[EventCountry "CAN"]
[WhiteTeam "Toronto A"]
[BlackTeam "Yale"]

1. e4 e5 2. Nf3 Nc6 3. d4 exd4 4. Bc4 Bc5 5. c3 Nf6 6. e5 d5 7. Bb5 Ne4 8. cxd4
Bb6 9. h3 O-O 10. Nc3 Be6 11. O-O Nxc3 12. bxc3 h6 13. a4 Na5 14. Ba3 Re8 15.
Bxe8 Qxe8 16. Bb4 Rc8 17. Ne1 c6 18. Nd3 Nc4 19. Qe2 Bd8 20. a5 Be7 21. Nb2
Bxb4 22. Nxc4 dxc4 23. cxb4 Qe7 24. Qb2 a6 25. f4 Bf5 26. Qc3 Bd3 27. Rf3 Rd8
28. Rxd3 cxd3 29. Rd1 Qh4 30. Rf1 Qe7 31. Rd1 Qh4 32. Rf1 Qe7 33. Rf3 Rd5 34.
Rxd3 Rb5 35. d5 Rxd5 36. Rxd5 cxd5 37. Qc8+ Kh7 38. Qc2+ Kg8 39. Qc8+ Kh7 40.
Qc5 Qd7 41. Kf2 Qf5 42. Qd4 f6 43. exf6 gxf6 44. Kf3 Qe6 45. Qe3 Qd6 46. Qc5
Qd7 47. g4 h5 48. f5 hxg4+ 49. hxg4 d4 50. Ke2 1/2-1/2

[Event "Ivy League Chess Challenge"]
[Site "Toronto CAN"]
[Date "2019.11.08"]
[Round "2.9"]
[White "Tang, Andrew"]
[Black "Wenzhi, Dai"]
[Result "1-0"]
[WhiteElo "2507"]
[BlackElo "2093"]
[PlyCount "87"]
[EventDate "2019.11.08"]
[EventType "team"]
[EventRounds "5"]
[EventCountry "CAN"]
[WhiteTeam "Princeton"]
[BlackTeam "Toronto B"]

1. d4 Nf6 2. c4 c5 3. d5 e6 4. Nc3 exd5 5. cxd5 d6 6. e4 g6 7. Nge2 Bg7 8. Ng3
O-O 9. Be2 a6 10. a4 Re8 11. O-O Qe7 12. h3 h5 13. Bg5 Qe5 14. Qd2 Nh7 15. Bf4
Qd4 16. Qc2 Qf6 17. Be3 h4 18. Nh1 Qe7 19. Rae1 Ng5 20. f3 Be5 21. Nf2 Bg3 22.
f4 Nh7 23. Bf3 g5 24. Qd2 Nd7 25. fxg5 Ne5 26. Be2 Kh8 27. Bf4 Bxf4 28. Qxf4
Qxg5 29. Nfd1 Rg8 30. Qxg5 Rxg5 31. Kh2 f6 32. Ne3 Rg3 33. Nc4 Nxc4 34. Bxc4
Bd7 35. Rf4 Rag8 36. Re2 R8g5 37. Rxh4 Kg7 38. e5 f5 39. exd6 Nf6 40. Re7+ Kg6
41. Bf1 f4 42. Ne2 Rb3 43. Nxf4+ Kf5 44. Bd3+ 1-0

[Event "Ivy League Chess Challenge"]
[Site "Toronto CAN"]
[Date "2019.11.08"]
[Round "2.10"]
[White "McNamara, Tanner"]
[Black "Li, Ethan"]
[Result "1/2-1/2"]
[WhiteElo "1983"]
[BlackElo "2231"]
[PlyCount "56"]
[EventDate "2019.11.08"]
[EventType "team"]
[EventRounds "5"]
[EventCountry "CAN"]
[WhiteTeam "Toronto B"]
[BlackTeam "Princeton"]

1. d4 Nf6 2. c4 e6 3. Nc3 Bb4 4. e3 O-O 5. Bd3 d5 6. Nf3 c5 7. O-O cxd4 8. exd4
dxc4 9. Bxc4 b6 10. Bg5 Bb7 11. a3 Bxc3 12. bxc3 Qc7 13. Bd3 Qxc3 14. Bxf6 gxf6
15. Rc1 Qa5 16. Bxh7+ Kxh7 17. Ne5 Be4 18. Rc8 Kg7 19. Qg4+ Bg6 20. Rxf8 Kxf8
21. Nxg6+ fxg6 22. Qf3 Qd5 23. Qxf6+ Ke8 24. Re1 Kd7 25. Qf7+ Kd6 26. Qf8+ Kd7
27. Qf7+ Kd6 28. Qf8+ Kd7 1/2-1/2

[Event "Ivy League Chess Challenge"]
[Site "Toronto CAN"]
[Date "2019.11.08"]
[Round "2.11"]
[White "Yang, Christopher"]
[Black "Lin, Juntong"]
[Result "1-0"]
[WhiteElo "2145"]
[BlackElo "1920"]
[PlyCount "77"]
[EventDate "2019.11.08"]
[EventType "team"]
[EventRounds "5"]
[EventCountry "CAN"]
[WhiteTeam "Princeton"]
[BlackTeam "Toronto B"]

1. e4 e6 2. d4 d5 3. Nd2 Nf6 4. e5 Nfd7 5. Bd3 c5 6. c3 Nc6 7. Ne2 Qb6 8. Nf3
Be7 9. O-O O-O 10. b3 cxd4 11. cxd4 a5 12. Bg5 Bxg5 13. Nxg5 h6 14. Nf3 Qa7 15.
a3 b6 16. Bb1 Ne7 17. Qc2 g6 18. h4 Ba6 19. h5 Kg7 20. Re1 Rfc8 21. Qd2 Bxe2
22. Qxe2 Rc3 23. hxg6 Nxg6 24. Nh2 Qc7 25. f4 Rc1 26. f5 exf5 27. Bxf5 Rxa1 28.
Rxa1 Qc3 29. Rd1 Ndf8 30. Ng4 Ne6 31. Qf2 Rf8 32. Bc2 Nef4 33. Nf6 Qc6 34. Kh2
Ne6 35. Bf5 Ng5 36. Rd3 Ne7 37. Bd7 Qc7 38. Nh5+ Kg8 39. Qf6 1-0

[Event "Ivy League Chess Challenge"]
[Site "Toronto CAN"]
[Date "2019.11.08"]
[Round "2.12"]
[White "Hay, Jonathan"]
[Black "Martinez, Isaac"]
[Result "0-1"]
[WhiteElo "1838"]
[BlackElo "2063"]
[PlyCount "108"]
[EventDate "2019.11.08"]
[EventType "team"]
[EventRounds "5"]
[EventCountry "CAN"]
[WhiteTeam "Toronto B"]
[BlackTeam "Princeton"]

1. d4 Nf6 2. Bf4 e6 3. e3 c5 4. Nf3 cxd4 5. exd4 Be7 6. c3 b6 7. Nbd2 O-O 8.
Bd3 Bb7 9. h3 d6 10. Qe2 Nbd7 11. O-O Rc8 12. a4 a5 13. Rfe1 Qc7 14. Nc4 Nd5
15. Bh2 Rfd8 16. Na3 Nf8 17. Nd2 Ng6 18. Nb5 Qb8 19. Qg4 Bc6 20. f4 f5 21. Qd1
Ndxf4 22. Bc4 d5 23. Bf1 Bxb5 24. axb5 Nf8 25. Re5 g5 26. Bxf4 gxf4 27. Nf3 Bf6
28. Re1 Qd6 29. Qd2 Ng6 30. Bd3 Kf7 31. Re2 Rg8 32. Kh1 Nh4 33. Ne5+ Bxe5 34.
dxe5 Qe7 35. Qxf4 Qg5 36. Rf1 Qxf4 37. Rxf4 Ng6 38. Rf1 Ke7 39. Kh2 h5 40. Rf3
h4 41. Rff2 Rgd8 42. Rf3 Rg8 43. Rff2 a4 44. Rf1 a3 45. Ra1 Nf4 46. Rd2 Rg3 47.
Bf1 Ra8 48. Rxa3 Rxa3 49. bxa3 Rxc3 50. Rd4 Ng6 51. Ra4 Nxe5 52. Ra6 Rc1 53.
Kg1 d4 54. Rxb6 d3 0-1

[Event "Ivy League Chess Challenge"]
[Site "Toronto CAN"]
[Date "2019.11.09"]
[Round "3.1"]
[White "Wenzhi, Dai"]
[Black "Jacobson, Aaron"]
[Result "0-1"]
[WhiteElo "2093"]
[BlackElo "2340"]
[PlyCount "118"]
[EventDate "2019.11.08"]
[EventType "team"]
[EventRounds "5"]
[EventCountry "CAN"]
[WhiteTeam "Toronto B"]
[BlackTeam "Harvard"]

1. e4 e5 2. Nf3 Nc6 3. Bb5 g6 4. O-O Bg7 5. Nc3 Nge7 6. Re1 O-O 7. Bc4 d6 8. d3
h6 9. Be3 Na5 10. Nd2 c6 11. Bb3 d5 12. exd5 cxd5 13. Bc5 Nxb3 14. Nxb3 Be6 15.
d4 e4 16. f3 f5 17. f4 b6 18. Bxe7 Qxe7 19. Ne2 g5 20. Qd2 Bf7 21. Qe3 Bh5 22.
Ng3 Bg6 23. Ne2 Bh5 24. Ng3 Bg6 25. Ne2 Bf6 26. c3 a5 27. a3 Kh7 28. Kh1 Qd8
29. Rf1 Be7 30. Rf2 Qe8 31. a4 Qc6 32. Qh3 Kg7 33. Nd2 b5 34. b3 Rfb8 35. axb5
Qxb5 36. Ra4 Qc6 37. c4 Bb4 38. cxd5 Qc2 39. Nc4 Qd1+ 40. Ng1 Qxd4 41. Ne3 g4
42. Qg3 h5 43. h4 Qd3 44. Rc2 Bd2 45. Nxf5+ Bxf5 46. Qxd3 exd3 47. Rxd2 Rxb3
48. d6 Rb4 49. Ra3 a4 50. Rc3 a3 51. d7 Rd4 52. Rc7 Rxd7 53. Rxd7+ Bxd7 54.
Rxd3 Be6 55. Rd1 a2 56. Ra1 Rb8 57. f5 Rb1 58. fxe6 Rxa1 59. e7 Re1 0-1

[Event "Ivy League Chess Challenge"]
[Site "Toronto CAN"]
[Date "2019.11.09"]
[Round "3.2"]
[White "Pinisetti, Prateek"]
[Black "McNamara, Tanner"]
[Result "1-0"]
[WhiteElo "2130"]
[BlackElo "1983"]
[PlyCount "77"]
[EventDate "2019.11.08"]
[EventType "team"]
[EventRounds "5"]
[EventCountry "CAN"]
[WhiteTeam "Harvard"]
[BlackTeam "Toronto B"]

1. e4 e5 2. Nf3 Nc6 3. Bc4 Nf6 4. d3 Be7 5. c3 O-O 6. Nbd2 d5 7. exd5 Nxd5 8.
O-O Nf4 9. Ne4 Be6 10. Bxf4 Bxc4 11. Nxe5 Nxe5 12. dxc4 Nxc4 13. Qe2 Nd6 14.
Rad1 Re8 15. Qf3 Qd7 16. Nxd6 cxd6 17. Rd2 Rad8 18. Rfd1 Qc6 19. Qd5 Bf8 20.
Be3 Qa6 21. a3 Re6 22. Qd4 Rde8 23. h3 b6 24. Kh2 h6 25. Qd5 Qa4 26. Rd4 Qc2
27. R1d2 Qb1 28. R4d3 Re5 29. Qb3 Qe1 30. Qc2 Rxe3 31. Rxe3 Rxe3 32. fxe3 Qxe3
33. Qd3 Qe5+ 34. g3 Qe1 35. Kg2 d5 36. Re2 Qc1 37. Qxd5 Bc5 38. Re8+ Bf8 39.
Rxf8+ 1-0

[Event "Ivy League Chess Challenge"]
[Site "Toronto CAN"]
[Date "2019.11.09"]
[Round "3.3"]
[White "Lin, Juntong"]
[Black "Ascherman, Sarah"]
[Result "1-0"]
[WhiteElo "1920"]
[BlackElo "1937"]
[PlyCount "63"]
[EventDate "2019.11.08"]
[EventType "team"]
[EventRounds "5"]
[EventCountry "CAN"]
[WhiteTeam "Toronto B"]
[BlackTeam "Harvard"]

1. d4 d5 2. c4 c6 3. Nc3 Nf6 4. Nf3 a6 5. e3 Bf5 6. Be2 Nbd7 7. O-O e6 8. c5 e5
9. dxe5 Ne4 10. Nxe4 Bxe4 11. b4 Bxf3 12. Bxf3 Nxe5 13. Bb2 Qc7 14. Qe2 Nxf3+
15. Qxf3 f6 16. e4 O-O-O 17. exd5 Rxd5 18. Rfd1 Rg5 19. h4 Rd5 20. Rxd5 cxd5
21. Qxd5 Be7 22. Re1 Qd7 23. Qc4 Re8 24. Qf7 Kd8 25. Re4 Qd1+ 26. Kh2 Bd6+ 27.
cxd6 Rxe4 28. Qc7+ Ke8 29. Qc8+ Kf7 30. Qxb7+ Kg8 31. Qxe4 Qxd6+ 32. g3 1-0

[Event "Ivy League Chess Challenge"]
[Site "Toronto CAN"]
[Date "2019.11.09"]
[Round "3.4"]
[White "Papanek, Ella"]
[Black "Hay, Jonathan"]
[Result "0-1"]
[WhiteElo "1789"]
[BlackElo "1838"]
[PlyCount "104"]
[EventDate "2019.11.08"]
[EventType "team"]
[EventRounds "5"]
[EventCountry "CAN"]
[WhiteTeam "Harvard"]
[BlackTeam "Toronto B"]

1. d4 d5 2. c4 c6 3. Nc3 Nf6 4. e3 Bf5 5. b3 e6 6. Nge2 Nbd7 7. Ng3 Bg6 8. Be2
Bd6 9. Bd2 O-O 10. cxd5 exd5 11. a3 Qe7 12. b4 a5 13. b5 Bxa3 14. bxc6 bxc6 15.
Qb3 Bb4 16. Nb1 Rfb8 17. Bxb4 Rxb4 18. Qa2 h5 19. Nc3 Nb6 20. Nf1 Ne4 21. Nxe4
Qxe4 22. f3 Qe7 23. Kf2 Nc4 24. e4 Qa7 25. Rd1 Nb2 26. Rc1 Qxd4+ 27. Ne3 Nd3+
28. Bxd3 Rb2+ 29. Qxb2 Qxb2+ 30. Rc2 Qd4 31. Rd1 Rb8 32. Rxc6 Rb3 33. Ke2 dxe4
34. fxe4 Bxe4 35. Rc8+ Kh7 36. Rd8 Bxd3+ 37. Rxd3 Rxd3 38. Rxd4 Rxd4 39. Nc2
Ra4 40. Kd3 Ra2 41. Kc3 Rxc2+ 42. Kxc2 Kg6 43. Kb3 Kf5 44. Ka4 Kf4 45. Kxa5 Ke3
46. h3 Kf2 47. g4 hxg4 48. hxg4 g5 49. Kb4 Kf3 50. Kc3 Kxg4 51. Kd3 Kf3 52. Kd2
Kf2 0-1

[Event "Ivy League Chess Challenge"]
[Site "Toronto CAN"]
[Date "2019.11.09"]
[Round "3.5"]
[White "Altschuler, Jason"]
[Black "Webster, Dex"]
[Result "1-0"]
[WhiteElo "2198"]
[BlackElo "2077"]
[PlyCount "71"]
[EventDate "2019.11.08"]
[EventType "team"]
[EventRounds "5"]
[EventCountry "CAN"]
[WhiteTeam "MIT"]
[BlackTeam "Yale"]

1. e4 c5 2. d3 e6 3. f4 d5 4. e5 Nc6 5. Nf3 d4 6. Be2 Nge7 7. O-O b6 8. Nbd2
Nd5 9. Ne4 Qc7 10. c4 dxc3 11. bxc3 Bb7 12. Ne1 b5 13. Nc2 Be7 14. Qe1 O-O 15.
Qg3 Kh8 16. Bb2 c4 17. Kh1 Nb6 18. Rad1 Rad8 19. Ne3 Na5 20. Ng4 f5 21. exf6
gxf6 22. Nh6 f5 23. Ng5 Bxg5 24. Qxg5 Nd5 25. dxc4 bxc4 26. Ba3 Rg8 27. Rxd5
Bxd5 28. Qf6+ Rg7 29. Bf3 Bxf3 30. gxf3 Rb8 31. Bf8 Qb7 32. Bxg7+ Qxg7 33. Qxe6
Qxc3 34. Nf7+ Kg7 35. Rg1+ Kf8 36. Ne5 1-0

[Event "Ivy League Chess Challenge"]
[Site "Toronto CAN"]
[Date "2019.11.09"]
[Round "3.6"]
[White "Khanna, Nalin"]
[Black "Yi, Richard"]
[Result "1/2-1/2"]
[WhiteElo "2107"]
[BlackElo "2083"]
[PlyCount "160"]
[EventDate "2019.11.08"]
[EventType "team"]
[EventRounds "5"]
[EventCountry "CAN"]
[WhiteTeam "Yale"]
[BlackTeam "MIT"]

1. e4 e5 2. Nf3 Nc6 3. Bc4 Bc5 4. c3 Nf6 5. d3 d6 6. Bb3 O-O 7. O-O a5 8. h3 h6
9. Re1 Be6 10. Nbd2 Re8 11. Nf1 Bxb3 12. Qxb3 a4 13. Qc2 d5 14. Be3 Bf8 15. a3
Qd7 16. Rad1 Ra6 17. Bc1 d4 18. Ng3 Na5 19. cxd4 exd4 20. Nf5 Nb3 21. Bf4 c5
22. Qe2 Rae6 23. Qc2 b5 24. Nd2 Na5 25. f3 Nh5 26. Bh2 g6 27. Ng3 Nf6 28. e5
Nd5 29. Ngf1 f5 30. f4 Rc6 31. Nf3 Qe6 32. Kh1 Be7 33. g3 Nb3 34. Bg1 g5 35.
fxg5 hxg5 36. Qg2 Kf7 37. g4 f4 38. N1d2 Rh8 39. Ne4 Qh6 40. Nexg5+ Ke8 41. Ne4
Qxh3+ 42. Qxh3 Rxh3+ 43. Kg2 Rh8 44. Bf2 Rch6 45. g5 Rh5 46. Nf6+ Bxf6 47.
exf6+ Ne3+ 48. Bxe3 dxe3 49. Rh1 Kf7 50. Rxh5 Rxh5 51. Rh1 Rxh1 52. Kxh1 e2 53.
Kg2 Nd4 54. Ne1 Kg6 55. Kf2 Ne6 56. Nf3 Kf5 57. Kxe2 Nf8 58. Kf2 c4 59. dxc4
bxc4 60. Ke2 Kg4 61. f7 Kf5 62. Kd2 Kg4 63. Ke2 Kf5 64. Nd2 c3 65. bxc3 Kxg5
66. Kf3 Ng6 67. Nc4 Kf6 68. f8=Q+ Nxf8 69. Kxf4 Ne6+ 70. Ke4 Nc7 71. Nd2 Ke6
72. c4 Kd6 73. Kd4 Kc6 74. Ne4 Na6 75. Kc3 Kb6 76. Nd2 Kc5 77. Ne4+ Kb6 78. Kd4
Kc6 79. c5 Nc7 80. Kc4 Na6 1/2-1/2

[Event "Ivy League Chess Challenge"]
[Site "Toronto CAN"]
[Date "2019.11.09"]
[Round "3.7"]
[White "Zhong, Howard"]
[Black "Vishwanathan, Ram"]
[Result "1/2-1/2"]
[WhiteElo "2024"]
[BlackElo "1922"]
[PlyCount "106"]
[EventDate "2019.11.08"]
[EventType "team"]
[EventRounds "5"]
[EventCountry "CAN"]
[WhiteTeam "MIT"]
[BlackTeam "Yale"]

1. d4 d5 2. c4 e6 3. Nc3 Nf6 4. cxd5 exd5 5. Bg5 c6 6. Qc2 Be7 7. e3 O-O 8. Bd3
Nbd7 9. Nge2 Re8 10. f3 h6 11. Bh4 c5 12. O-O b6 13. Rad1 Bb7 14. Rfe1 a6 15.
Bf2 Qc7 16. Bg3 Qc6 17. Kh1 Rad8 18. Bf5 g6 19. Bh3 Nh5 20. Bf2 Ndf6 21. g4 Ng7
22. Nf4 Ne6 23. Nd3 Bd6 24. Bg2 cxd4 25. exd4 Nf4 26. Bh4 g5 27. Bg3 Nxd3 28.
Qxd3 Bxg3 29. hxg3 Kg7 30. Re5 Re6 31. Rde1 Rde8 32. Qd1 Nd7 33. Rxe6 Rxe6 34.
f4 Rxe1+ 35. Qxe1 Qe6 36. Qf2 Nf6 37. fxg5 Nxg4 38. Qd2 Qe3 39. gxh6+ Kxh6 40.
Qxe3+ Nxe3 41. Bf3 Kg5 42. Kg1 Nf5 43. Bxd5 Bxd5 44. Nxd5 Nxg3 45. Nxb6 Ne2+
46. Kf2 Nxd4 47. b4 Kf4 48. Nd5+ Ke4 49. Nc7 Nc2 50. Nxa6 Na3 51. Nc5+ Kd4 52.
Ke2 Kc4 53. Nd3 Nc2 1/2-1/2

[Event "Ivy League Chess Challenge"]
[Site "Toronto CAN"]
[Date "2019.11.09"]
[Round "3.8"]
[White "Gerasimiuk, Michal"]
[Black "Le, Nguyen"]
[Result "1/2-1/2"]
[WhiteElo "1642"]
[BlackElo "1976"]
[PlyCount "84"]
[EventDate "2019.11.08"]
[EventType "team"]
[EventRounds "5"]
[EventCountry "CAN"]
[WhiteTeam "Yale"]
[BlackTeam "MIT"]

1. e4 c5 2. Nf3 d6 3. d4 Nf6 4. Nc3 cxd4 5. Nxd4 a6 6. Bg5 e6 7. f4 Qb6 8. Qd3
Qxb2 9. Rb1 Qa3 10. f5 Nc6 11. fxe6 fxe6 12. Nxc6 bxc6 13. Be2 Be7 14. Bh5+
Nxh5 15. Bxe7 Nf4 16. Qd4 e5 17. Qxe5 dxe5 18. Bxa3 Nxg2+ 19. Kf2 Nf4 20. Bd6
Ng6 21. Na4 Bg4 22. c4 Rd8 23. c5 Be6 24. Rb7 Rd7 25. Rxd7 Kxd7 26. Rb1 Bxa2
27. Rb7+ Ke8 28. Nb6 h5 29. Rc7 h4 30. Rxc6 Be6 31. Nd5 h3 32. Rxa6 Rh4 33.
Bxe5 Bxd5 34. exd5 Nxe5 35. Re6+ Kd7 36. Rxe5 Rg4 37. Kf3 Rg2 38. Re2 Rg1 39.
Kf2 Rg2+ 40. Kf1 Rg5 41. Rd2 Rf5+ 42. Ke1 g5 1/2-1/2

[Event "Ivy League Chess Challenge"]
[Site "Toronto CAN"]
[Date "2019.11.09"]
[Round "3.9"]
[White "Patel, Advait"]
[Black "Tang, Andrew"]
[Result "1/2-1/2"]
[WhiteElo "2460"]
[BlackElo "2507"]
[PlyCount "37"]
[EventDate "2019.11.08"]
[EventType "team"]
[EventRounds "5"]
[EventCountry "CAN"]
[WhiteTeam "Toronto A"]
[BlackTeam "Princeton"]

1. e4 e5 2. Nf3 Nc6 3. Bb5 g6 4. d4 exd4 5. Bg5 Be7 6. Bxe7 Qxe7 7. Bxc6 dxc6
8. Qxd4 Nf6 9. Nc3 Bg4 10. Nd2 c5 11. Qe3 O-O-O 12. f3 Be6 13. O-O-O b6 14.
Rhe1 Kb8 15. Nf1 Bc8 16. Rxd8 Rxd8 17. Qg5 Qe6 18. Ne3 Rd7 19. Rd1 1/2-1/2